<?xml version="1.0" encoding="UTF-8"?>
<marc:record xmlns:marc="http://www.loc.gov/MARC21/slim">
   <marc:leader>00000nam a2200000 a 4500</marc:leader>
   <marc:datafield ind1="1" ind2=" " tag="100">
      <marc:subfield code="a">Amann, Gerold</marc:subfield>
      <marc:subfield code="4">aut</marc:subfield>
      <marc:subfield code="e">Verfasser/-in</marc:subfield>
   </marc:datafield>
   <marc:datafield ind1="1" ind2=" " tag="100">
      <marc:subfield code="a">Gabriel, Ulrich</marc:subfield>
      <marc:subfield code="4">edt</marc:subfield>
      <marc:subfield code="e">Bearbeiter/-in</marc:subfield>
   </marc:datafield>
   <marc:datafield ind1="1" ind2=" " tag="100">
      <marc:subfield code="a">Thurner, Silvia</marc:subfield>
      <marc:subfield code="4">wpr</marc:subfield>
      <marc:subfield code="e">Writer of preface</marc:subfield>
   </marc:datafield>
   <marc:datafield ind1=" " ind2=" " tag="653">
      <marc:subfield code="a">Gerold</marc:subfield>
   </marc:datafield>
   <marc:datafield ind1=" " ind2=" " tag="653">
      <marc:subfield code="a">Ulrich</marc:subfield>
   </marc:datafield>
   <marc:datafield ind1=" " ind2=" " tag="653">
      <marc:subfield code="a">Softcover / Sachbücher/Musik</marc:subfield>
   </marc:datafield>
   <marc:datafield ind1=" " ind2=" " tag="653">
      <marc:subfield code="a">Film</marc:subfield>
   </marc:datafield>
   <marc:datafield ind1=" " ind2=" " tag="653">
      <marc:subfield code="a">Theater/Sonstiges</marc:subfield>
   </marc:datafield>
   <marc:datafield ind1="0" ind2="0" tag="245">
      <marc:subfield code="a">Hassgeschichte</marc:subfield>
   </marc:datafield>
   <marc:datafield ind1="0" ind2="0" tag="245">
      <marc:subfield code="b">Neue Musik Lesebuch #01 Gerold Amann: Hassgeschichte</marc:subfield>
   </marc:datafield>
   <marc:datafield ind1="0" ind2="0" tag="245">
      <marc:subfield code="c">Gerold Amann ; Hrsg. Ulrich Gabriel ; Vorw. von Silvia Thurner ; Nachw. von Ulrich Gabriel</marc:subfield>
   </marc:datafield>
   <marc:datafield ind1=" " ind2="1" tag="264">
      <marc:subfield code="a">Dornbirn</marc:subfield>
      <marc:subfield code="b">Gabriel, Ulrich</marc:subfield>
      <marc:subfield code="c">2009</marc:subfield>
   </marc:datafield>
   <marc:datafield ind1=" " ind2=" " tag="250">
      <marc:subfield code="a">1.Aufl.</marc:subfield>
   </marc:datafield>
   <marc:datafield ind1="1" ind2=" " tag="520">
      <marc:subfield code="a">Angaben aus der Verlagsmeldung

Hassgeschichte : Neue Musik Lesebuch #01 Gerold Amann: Hassgeschichte / von Gerold Amann

Verwünschungen, Liebeszauber, Hexerei und schwarze Magie sind die Bausteine der Hassgeschichte. Deshalb werden Krebsgestalten, Umkehrungen und andere strenge formale Konzepte zu deren Umsetzung
angewendet. Der gesamte Text bezieht sich auf das Palindrom RUHE LIEGT IM TIER ... REIT MIT GEILE HUR
Von hinten nach vorne gelesen ergibt sich der gleiche Text. Von diesem Palindrom wurden sieben
Anagramme abgeleitet: O Anubis / Drei Saeue fielen vom Himmel / Grauen reitet im Tau / Bete zu Satan /
Glut der Frau / Reiter auf rotem Maehre / Rabe gebar Uhu //. Jedes Anagramm enthält die gleichen Buchstaben in der gleichen Anzahl wie das Palindrom. Der gesamte Gesangs- und Instrumentalpart wird aus der Abfolge der Vokale oder/und Konsonanten des Textes entwickelt. Gerold Amann.
</marc:subfield>
   </marc:datafield>
   <marc:datafield ind1=" " ind2=" " tag="020">
      <marc:subfield code="a">9783901325595</marc:subfield>
      <marc:subfield code="9">9783901325595</marc:subfield>
   </marc:datafield>
   <marc:datafield ind1=" " ind2=" " tag="041">
      <marc:subfield code="a">ger</marc:subfield>
   </marc:datafield>
   <marc:datafield ind1=" " ind2=" " tag="300">
      <marc:subfield code="a">ca. 144 S. in 1 Bd.</marc:subfield>
   </marc:datafield>
</marc:record>
